Normal view
MARC view
- Ashraf, Muhammad Mohsin
Entry Personal Name
001 - CONTROL NUMBER
- control field: 127259
003 - CONTROL NUMBER IDENTIFIER
- control field: NUST
005 - DATE AND TIME OF LATEST TRANSACTION
- control field: 20241230130853.0
008 - FIXED-LENGTH DATA ELEMENTS
- fixed length control field: 241230|| aca||aabn | a|a d
040 ## - CATALOGING SOURCE
- Original cataloging agency: NUST
- Transcribing agency: NUST
100 ## - HEADING--PERSONAL NAME
- Personal name: Ashraf, Muhammad Mohsin
670 ## - SOURCE DATA FOUND
- Source citation: Work cat.: (NUST): Ashraf, Muhammad Mohsin, Investigation of security-related routing issues in IoT Networks
